00722nam a22001817a 450000500170000000800410001702000180005804000250007604100080010104400070010908200170011624500900013326001380022330000400036150400550040161000390045665000450049520170823162907.0140626s2013 ck a gr 00010 spa d a9789585777576 aCO-BoIAVHcCO-BoIAVH aspa ack04a509.86bO21c00aColciencias cuarenta años: bentre la legitimidad, la normatividad y la práctica. aBogotá :bObservatorio Colombiano de ciencia y Tecnología, bUniversidad Nacional de Colombia, bUniversidad del Rosario, c2013. a804 p. bil., gráficas ; c26 cm. aIncluye índice general (pag. 798-804) y glosario24aColcienciasx Historiaz Colombia. 4aInvestigación científicaz Colombia.